| 000 | 00747nam a2200217Ia 4500 | ||
|---|---|---|---|
| 003 | GCL | ||
| 008 | 140319s9999 xx 000 0 ara d | ||
| 040 |
_aGCL / _cGCL |
||
| 082 | 0 | 4 |
_a215 _bع ب |
| 100 | 1 | _aمحمد حامد الفقى (صححه) | |
| 245 | 1 | 0 |
_aبلوغ المرام من ادلة الاحكام / _cمحمد حامد الفقى (صححه) |
| 700 | 1 | _aابن حجر العسقلانى : بدر الدين ابو المعالى محمد بن احمد بن على | |
| 260 |
_a[S.N] : _bالمكتبة التجارية الكبرى |
||
| 300 | _aمتعدد الترقيم | ||
| 490 | _a | ||
| 650 | 0 | 4 | _aالاسلام |
| 650 | 0 | 4 | _aالعقائد |
| 650 | 0 | 4 | _aفقه اسلامى |
| 650 | 0 | 4 | _aفقه |
| 942 |
_2ddc _cBK |
||
| 999 |
_c59025 _d59025 |
||